01050nam a2200205 a 4500001001000000003000900010005001700019008004100036040002500077082001400102111009800116245006300214260010700277300003500384590002600419942001400445952018700459952018100646999001700827000035942DO-SdBNP20210419092345.0110620s1963 dr ac r 000 0 spa d aDO-SdBNPbspacBNPHU axxxxbE962 aExposición Bienal de Artes Plásticasn(11va :d19 de agost. 1963 :cSanto Domingo)96196610aDécima Primera Exposición Bienal de Artes Plásticas. aCuidad Trujillo, República Dominicana :bMinisterio de Educación y Bellas Artes y Cultos,c[1963]. a40 p. :bil., retrs. ;c17 cm. aInventariado, 2018/LP 2ddccLBS1 0011718PDaPDbPDcMId2011-11-21iLF1l0oxxxx E96p35942-20r2020-06-25te. 2w2020-06-25yLFPDzPerteneció a la biblioteca personal de Carlos Larrazábal BlancoZNo se presta 001050718RVaPDbPDcCTd2011-11-21iLF1l0oxxxx E96p35942-10r2020-06-25w2020-06-25y1zPerteneció a la biblioteca personal de Carlos Larrazábal BlancoZNo se presta c35433d35433